| 000 | 00654nam a2200181 i 4500 | ||
|---|---|---|---|
| 001 | 184927 | ||
| 003 | ES-MaACL | ||
| 005 | 20250820142634.0 | ||
| 008 | 160219s1964 sp |||| | spa d | ||
| 080 | _a821.13.4.2-34"19" | ||
| 100 | 1 |
_aMartí Ibáñez, Félix, _d1911-1972 _9158827 |
|
| 245 | 1 | 4 |
_aLos buscadores de sueños : _bTtece cuentos de maravilla y prodigio / _cFélix Martí Ibáñez ; ilustraciones de Teodoro Miciano. |
| 260 |
_aMadrid : _bVictoriano Suárez, _c1964. |
||
| 300 |
_a431 p., 26 lám. : _bil. ; _c29 cm. |
||
| 700 | 1 |
_aMiciano, Teodoro, _d1903-1974 _980944 |
|
| 852 |
_aES-MaACL _jC-25293 |
||
| 999 |
_c184927 _d184927 |
||